000 00878nmm a2200265 a 4500
001 ocm0001411902
003 TR-IsHL
005 20201028164435.0
008 160220s[t.y tu tur
007 cr cn
035 _a1411902
_b(N$T)
050 0 4 _aBP183.3
_b.C45 [t.y.]
090 0 4 _aBP183.3
_b.C45 [t.y.]
245 1 0 _aCelcelutiye ve türkçe açıklaması
_h[electronic resource]
260 _aİstanbul :
_bNesil Yayınları,
_c[t.y.]
300 _a125 p.
650 4 _aFelsefe, Psikoloji ve Din
650 4 _aPhilosophy, Psychology and Religion
650 0 _aDua
_xİslamiyet
650 0 _aPrayer
_xIslam
650 0 _aİslamiyet
_xDualar ve ibadet
650 0 _aIslam
_xPrayers and devotions
650 7 _aRELIGION / Prayerbooks / Islamic
_2bisacsh
856 4 0 _uhttp://search.ebscohost.com/login.aspx?direct=true&scope=site&db=e011xww&AN=1411902
999 _c15613
_d15613